00201nam a2200085Ia 4500008004100000100002700041245001800068260000900086650002000095190216s9999||||xx |||||||||||||| ||und|| aKunhi Kuttan Thamburan 0aGadhyamanjary bNull aEssay Malayalam